000
00329nam a22001457a 4500
008
230502b ||||| |||| 00| 0 eng d
020
_a
9780471679516
041
_a
eng
080
_2
EIGHTH EDITION
_a
91
082
_a
91BLI
100
_a
19
101
_a
GJEOGRAFI
245
_a
HUMAN GEOGRAPHY
_c
BLIJ.DE.J.H
942
_2
udc
_c
BK
999
_c
59646
_d
59646